00386pab a2200145 454500008004000000100001700040245008300057260000900140300001400149362001200163650001800175650001000193700002000203773001700223180718b2007 xxu||||| |||| 00| 0 eng d aMittal, R.K. aImpact of investment in information technology on public sector banks in India c2007 ap.306-12. aOct-Dec aBanks - India aBanks aDhingra, Sanjay aProductivity